[Event "ROU-ch Open 2021"]
[Site "Iasi"]
[Date "2021.04.20"]
[Round "2.12"]
[White "Filip, Lucian-Ioan"]
[Black "Padurariu, Mihai-Edward"]
[Result "1-0"]
[WhiteElo "2442"]
[BlackElo "2084"]
[Annotator "TA"]
[PlyCount "71"]
[EventDate "2021.04.19"]
[EventType "swiss"]
[EventCountry "ROU"]
[SourceTitle "playchess.com"]
[Source "ChessBase"]
[SourceQuality "1"]

{[%evp 15,71,16,18,18,36,45,54,48,37,26,41,12,24,8,56,0,8,0,24,27,28,32,21,-14,46,43,42,27,26,37,39,41,19,21,50,41,29,14,30,23,103,105,105,101,88,113,125,36,36,36,114,112,522,501,473,439,909,554]} 1. Nf3 Nf6 2. c4 e6 3. d4 b6 4. g3 Bb7 5. Bg2 g6 6. O-O Bg7 7. Nc3 Ne4 8. Nxe4 Bxe4 9. Bg5 {A50: Queen's Fianchetto Defence (1 d4 Nf6 2 c4 b6).} Qc8 10. Qd2 h6 11. Be3 {White is slightly better.} d6 12. Rfd1 Nd7 {[#]} 13. Ne1 $146 ({Predecessor:} 13. Rac1 Nf6 14. h3 Qb7 15. b4 a6 16. a4 b5 17. cxb5 axb5 18. a5 Nd5 19. Ne1 Bxg2 20. Nxg2 {½-½ (34) Molina,R (2424)-Mekhitarian,K (2566) Joao Pessoa 2013}) 13... Bxg2 14. Kxg2 e5 15. Nc2 h5 16. f3 O-O 17. Bh6 Qe8 18. Bxg7 Kxg7 19. e4 f5 (19... h4 $11) 20. exf5 $14 Rxf5 21. Ne3 Rf8 22. dxe5 Nxe5 23. f4 Ng4 24. Nd5 Qf7 25. Re1 Rae8 26. Qd4+ Nf6 $1 27. Rad1 $36 {[%mdl 2048] White has the initiative.} Re6 {[#]} (27... b5 $1 $11 {keeps the balance.}) 28. Rxe6 $1 $16 Qxe6 29. Nxc7 Qe2+ 30. Kg1 Kh7 31. Qd2 ({Of course not} 31. Qxd6 $6 Rf7 $11) (31. b3 $16) 31... Qxc4 $14 32. Qxd6 Rf7 ({Black should try} 32... Qe2 $1 $14) 33. Ne6 $16 Ne4 {[%mdl 8192] [#]} (33... Qe2 $16 {is tougher.}) 34. Qe5 $1 $18 {White is clearly winning.} Qc2 35. Rf1 Qc6 {[#]} (35... Kg8 $142 36. Qb8+ Kh7) 36. Qxe4 $3 {[%mdl 512] Weighted Error Value: White=0.13/Black=0.36} 1-0

[Event "ROU-ch Open 2021"]
[Site "Iasi"]
[Date "2021.04.20"]
[Round "2.14"]
[White "Stoleriu, George"]
[Black "Albu, George"]
[Result "1-0"]
[WhiteElo "2349"]
[BlackElo "2050"]
[Annotator "TA"]
[PlyCount "81"]
[EventDate "2021.04.19"]
[EventType "swiss"]
[EventCountry "ROU"]
[SourceTitle "playchess.com"]
[Source "ChessBase"]
[SourceQuality "1"]

{[%evp 9,81,-16,-3,8,10,-1,11,10,10,7,15,14,41,22,36,32,30,19,24,32,28,12,18,20,0,0,0,-14,-13,-50,-22,-33,-39,-33,-5,0,29,29,22,19,29,22,22,22,33,38,38,32,43,43,43,43,43,42,43,43,37,33,50,43,44,29,238,241,260,256,1546,1546,1510,1502,1459,1451,29985,2513]} 1. e4 {Saunders,J} c5 2. Be2 Nc6 3. f4 e6 4. Nf3 d5 5. d3 Nf6 6. e5 {B21: Sicilian: 2 f4 and Morra Gambit.} Nd7 7. c4 Nb6 {was the old line (7...d4).} 8. O-O {The position is equal.} Be7 9. Be3 O-O 10. Nbd2 {[#]} Kh8 $146 ({Predecessor:} 10... Bd7 11. a3 a5 12. Rb1 a4 13. Qe1 Na5 14. g4 Bc6 15. f5 Nd7 16. Qg3 b5 {½-½ (66) Rendle,T (2378)-Jackson,J (2313) England 2015 EXT 2016 [Saunders,J]}) 11. Nb3 d4 12. Bf2 Bd7 13. Nbd2 f6 14. exf6 gxf6 15. Bh4 Nc8 16. Ne4 b6 17. Qd2 Nd6 18. Nxd6 Bxd6 19. Rf2 Qc7 20. Bg3 Ne7 21. Nh4 $1 Rab8 22. Re1 Nf5 23. Nxf5 exf5 24. Bf3 Rfe8 25. Rfe2 Rxe2 26. Rxe2 a6 27. Bd5 Re8 28. Qe1 (28. Bh4 {seems wilder.} Rf8 29. g3 Kg7 30. b3 Re8 31. Qe1) 28... Rxe2 29. Qxe2 Qd8 30. Qf3 Kg7 31. Bh4 {aiming for Qg3+.} Qe8 32. Bf2 a5 33. Kf1 Bc7 34. Bh4 {Black must now prevent Qg3+.} Bd6 35. h3 (35. Be1 {keeps more tension.} a4 36. g3 Kg6 37. b3 Qe7 38. Qe2) 35... Bc7 $2 {This costs Black the game.} (35... b5 $11) 36. Qg3+ $1 $18 Qg6 {[#]} 37. Bxf6+ $1 {[%mdl 576] Clearance} Kxf6 $2 (37... Kf8 38. Qh4 Bd6) 38. Qh4+ Kg7 39. Qe7+ {[%mdl 64] Double Attack} Kh6 {[#]} 40. Bf7 $1 Bd8 41. Qxd8 {Weighted Error Value: White=0.04/Black=0.44} (41. Qf8+ $142 Qg7 42. Qxd8 {[%mdl 64] Double Attack} Qg6 43. Bxg6 Kxg6 44. Qxd7 Kf6 45. Qd6+ Kf7 46. Qxb6) 1-0

[Event "ROU-ch Open 2021"]
[Site "Iasi"]
[Date "2021.04.20"]
[Round "2.15"]
[White "Magold, Filip"]
[Black "Ciorgovean, Iustin"]
[Result "0-1"]
[WhiteElo "2065"]
[BlackElo "2338"]
[Annotator "NA"]
[PlyCount "211"]
[EventDate "2021.04.19"]
[EventType "swiss"]
[EventCountry "ROU"]
[SourceTitle "playchess.com"]
[Source "ChessBase"]
[SourceQuality "1"]
[TimeControl "5400+30"]

1. e4 {[%emt 0:00:00]} c5 {[%emt 0:00:00]} 2. Nf3 {[%emt 0:00:00]} d6 {[%emt 0:00:00]} 3. d4 {[%emt 0:00:00]} cxd4 {[%emt 0:00:00]} 4. Nxd4 {[%emt 0:00:00]} Nf6 {[%emt 0:00:00]} 5. Nc3 {[%emt 0:00:00]} a6 {[%emt 0:00:00]} 6. Be3 {[%emt 0:00:00]} e5 {[%emt 0:00:00]} 7. Nb3 {[%emt 0:00:02]} Be6 {[%emt 0:00:00]} 8. f3 {[%emt 0:00:23]} h5 {[%emt 0:00:03]} 9. Be2 {[%emt 0:00:52]} Nbd7 {[%emt 0:00:43]} 10. Qd2 {[%emt 0:00:18]} Be7 {[%emt 0:00:41]} 11. Nd5 {[%emt 0:05:45]} Nxd5 {[%emt 0:05:39]} 12. exd5 {[%emt 0:00:00]} Bf5 {[%emt 0:00:03]} 13. c4 {[%emt 0:00:00]} a5 {[%emt 0:04:27]} 14. O-O $11 {[%emt 0:04:41]} a4 {[%emt 0:12:11]} 15. Nc1 {[%emt 0:00:11]} O-O {[%emt 0:00:22]} 16. Nd3 {[%emt 0:03:09]} Bg6 {[%emt 0:06:31]} 17. Rac1 {[%emt 0:10:22]} Qa5 {[%emt 0:13:32]} 18. Qd1 {[%emt 0:21:26]} Bd8 {[%emt 0:09:44]} 19. Kh1 {[%emt 0:06:34]} Bb6 {[%emt 0:02:34]} 20. Bd2 {[%emt 0:02:12]} Qa7 {[%emt 0:00:34]} 21. Bb4 {[%emt 0:01:00]} Bxd3 {[%emt 0:11:25]} 22. Bxd3 {[%emt 0:01:19]} Bc5 {[%emt 0:00:12]} 23. Bc3 {[%emt 0:02:43]} f5 {[%emt 0:05:36]} 24. Bc2 {[%emt 0:08:56]} Be3 {[%emt 0:07:09]} 25. Rb1 {[%emt 0:02:45]} h4 {[%emt 0:04:08]} 26. f4 {[%emt 0:03:21]} g6 {[%emt 0:03:22]} 27. fxe5 {[%emt 0:00:44]} Nxe5 {[%emt 0:00:12]} 28. Qe1 {[%emt 0:06:44]} Bg5 {[%emt 0:03:39]} 29. Bxe5 {[%emt 0:00:58]} Rfe8 {[%emt 0:01:03]} 30. Bxf5 {[%emt 0:04:21]} gxf5 {[%emt 0:03:54]} 31. Rxf5 {[%emt 0:00:02]} Rxe5 {[%emt 0:00:09]} 32. Rxe5 {[%emt 0:00:01]} dxe5 {[%emt 0:00:15]} 33. Qxe5 {[%emt 0:00:01]} Qe3 {[%emt 0:00:43]} 34. Qf5 {[%emt 0:00:31]} Rf8 {[%emt 0:01:18]} 35. Qg6+ {[%emt 0:00:35]} Kh8 {[%emt 0:00:05]} 36. d6 {[%emt 0:01:57]} Qf4 {[%emt 0:01:31]} 37. Qd3 {[%emt 0:03:24]} Kg7 {[%emt 0:01:09]} 38. Rd1 {[%emt 0:02:58]} Bf6 {[%emt 0:01:08]} 39. g3 {[%emt 0:06:15]} hxg3 {[%emt 0:00:40]} 40. Rg1 {[%emt 0:00:52]} Bg5 {[%emt 0:03:08]} 41. Rxg3 {[%emt 0:00:26]} Kh6 {[%emt 0:01:34]} 42. c5 {[%emt 0:03:20]} Qf1+ {[%emt 0:00:50]} 43. Qxf1 {[%emt 0:00:02]} Rxf1+ {[%emt 0:00:05]} 44. Kg2 {[%emt 0:00:09]} Rb1 {[%emt 0:00:29]} 45. b3 {[%emt 0:01:25]} Rb2+ {[%emt 0:00:33]} 46. Kh3 {[%emt 0:00:05]} a3 {[%emt 0:00:33]} 47. d7 {[%emt 0:00:38]} Rd2 {[%emt 0:00:19]} 48. b4 {[%emt 0:00:46]} Rxd7 {[%emt 0:00:29]} 49. Rxa3 {[%emt 0:00:05]} Rd4 {[%emt 0:00:59]} 50. c6 {[%emt 0:01:22]} bxc6 {[%emt 0:00:07]} 51. Ra6 {[%emt 0:00:01]} Rxb4 {[%emt 0:00:13]} 52. Rxc6+ {[%emt 0:00:01]} Kh5 {[%emt 0:00:12]} 53. Rc2 {[%emt 0:00:35]} Ra4 {[%emt 0:00:11]} 54. Kg2 {[%emt 0:00:26]} Kg4 {[%emt 0:00:20]} 55. Rb2 {[%emt 0:00:26]} Bf4 {[%emt 0:00:20]} 56. Rc2 {[%emt 0:00:30]} Ra3 {[%emt 0:00:23]} 57. Rf2 {[%emt 0:00:34]} Rc3 {[%emt 0:00:23]} 58. Rb2 {[%emt 0:01:10]} Rh3 {[%emt 0:00:33]} 59. Kg1 {[%emt 0:00:44]} Kf3 {[%emt 0:00:28]} 60. Rf2+ {[%emt 0:00:17]} Ke3 {[%emt 0:00:21]} 61. Rb2 {[%emt 0:00:21]} Rh6 {[%emt 0:00:14]} 62. a4 {[%emt 0:00:35]} Rg6+ {[%emt 0:00:55]} 63. Kf1 {[%emt 0:00:13]} Ra6 {[%emt 0:00:28]} 64. Ra2 {[%emt 0:00:43]} Kf3 {[%emt 0:00:28]} 65. Rf2+ {[%emt 0:00:05]} Kg4 {[%emt 0:00:15]} 66. Ra2 {[%emt 0:00:14]} Kf3 {[%emt 0:00:44]} 67. Rf2+ {[%emt 0:00:04]} Ke4 {[%emt 0:00:04]} 68. Ra2 {[%emt 0:00:11]} Be3 {[%emt 0:00:08]} 69. a5 {[%emt 0:01:51]} Kf3 {[%emt 0:00:23]} 70. Rg2 {[%emt 0:00:51]} Rxa5 {[%emt 0:00:15]} 71. Rg3+ {[%emt 0:00:04]} Ke4 {[%emt 0:00:26]} 72. Kg2 {[%emt 0:00:41]} Bf4 {[%emt 0:00:37]} 73. Rb3 {[%emt 0:01:19]} Ra2+ {[%emt 0:00:08]} 74. Kh3 {[%emt 0:00:30]} Rxh2+ {[%emt 0:00:13]} 75. Kg4 {[%emt 0:00:07]} Rg2+ {[%emt 0:00:07]} 76. Kh3 {[%emt 0:00:53]} Rg8 {[%emt 0:00:13]} 77. Ra3 {[%emt 0:00:44]} Be3 {[%emt 0:00:33]} 78. Ra4+ {[%emt 0:00:27]} Kf3 {[%emt 0:00:27]} 79. Rh4 {[%emt 0:00:10]} Rg1 {[%emt 0:00:59]} 80. Kh2 {[%emt 0:00:23]} Ra1 {[%emt 0:00:59]} 81. Rh3+ {[%emt 0:00:17]} Kf2 {[%emt 0:00:13]} 82. Rh4 {[%emt 0:00:26]} Rb1 {[%emt 0:00:21]} 83. Rg4 {[%emt 0:00:49]} Ra1 {[%emt 0:01:25]} 84. Rh4 {[%emt 0:00:25]} Ra6 {[%emt 0:00:35]} 85. Rh7 {[%emt 0:00:46]} Rg6 {[%emt 0:00:33]} 86. Rf7+ {[%emt 0:00:14]} Ke2 {[%emt 0:00:07]} 87. Rf8 {[%emt 0:00:46]} Kd3 {[%emt 0:00:09]} 88. Rh8 {[%emt 0:00:43]} Ke4 {[%emt 0:00:15]} 89. Rh3 {[%emt 0:00:26]} Rg8 {[%emt 0:00:22]} 90. Kh1 {[%emt 0:00:32]} Bf4 {[%emt 0:00:53]} 91. Ra3 {[%emt 0:00:35]} Be3 {[%emt 0:00:12]} 92. Ra4+ {[%emt 0:00:07]} Kf3 {[%emt 0:00:26]} 93. Rh4 {[%emt 0:00:13]} Bf2 {[%emt 0:00:34]} 94. Rh7 {[%emt 0:00:26]} Rg6 {[%emt 0:01:10]} 95. Rf7+ {[%emt 0:00:20]} Kg3 {[%emt 0:00:27]} 96. Rh7 {[%emt 0:00:07]} Be1 {[%emt 0:03:21]} 97. Rh3+ {[%emt 0:00:20]} Kf2 {[%emt 0:00:19]} 98. Kh2 {[%emt 0:00:41]} Bd2 {[%emt 0:00:22]} 99. Rh4 {[%emt 0:00:32]} Rg8 {[%emt 0:00:25]} 100. Kh3 {[%emt 0:01:10]} Rg3+ {[%emt 0:00:51]} 101. Kh2 {[%emt 0:00:06]} Rg2+ {[%emt 0:00:53]} 102. Kh1 {[%emt 0:00:18]} Rg5 {[%emt 0:00:16]} 103. Kh2 {[%emt 0:00:08]} Be3 {[%emt 0:00:32]} 104. Kh3 {[%emt 0:00:35]} Kf3 {[%emt 0:00:38]} 105. Rh8 {[%emt 0:01:19]} Bf4 {[%emt 0:00:40]} 106. Rh7 {[%emt 0:01:20]} 0-1

[Event "ROU-ch Open 2021"]
[Site "Iasi"]
[Date "2021.04.20"]
[Round "2.16"]
[White "Ghimpu, Samuel-Timotei"]
[Black "Bonciu, David"]
[Result "1-0"]
[WhiteElo "2315"]
[BlackElo "2016"]
[Annotator "TA"]
[PlyCount "65"]
[EventDate "2021.04.19"]
[EventType "swiss"]
[EventCountry "ROU"]
[SourceTitle "playchess.com"]
[Source "ChessBase"]
[SourceQuality "1"]

{[%evp 15,65,6,21,0,26,8,18,19,20,18,17,-25,6,-2,-2,-2,-2,-14,0,0,37,36,42,28,115,115,114,113,107,107,104,38,31,-29976,81,-29976,-29977,-29994,0,0,0,0,0,0,0,0,0,0,29969,6725,29989,758]} 1. d4 Nf6 2. c4 g6 3. Nc3 d5 4. cxd5 Nxd5 5. e4 Nxc3 6. bxc3 Bg7 7. Nf3 c5 8. Be3 Qa5 9. Nd2 {D85: Exchange Grünfeld: Unusual White 7th moves and lines with 7 Nf3.} cxd4 {[#]} 10. Nc4 Qd8 (10... Qxc3+ $2 11. Bd2 $18) 11. cxd4 {The position is equal.} f5 12. Rc1 fxe4 {[#]} 13. Be2 $146 ({Predecessor:} 13. Nd2 Be6 14. Bb5+ Nd7 15. O-O O-O 16. Nxe4 Nf6 17. Nc5 Bd5 18. Qe2 b6 19. Na6 {½-½ (25) Rost,D (2467)-Hrzina,B (2231) ICCF email 2018}) 13... O-O 14. Ne5 Be6 15. Qa4 Bd5 16. O-O Nc6 17. Bc4 Nxe5 18. dxe5 {aiming for Rfd1.} e6 19. Rfd1 Rc8 (19... Rf5 $11) 20. Bxd5 $16 ({But not} 20. Qxa7 Bxe5 21. Bxd5 exd5 $14) 20... exd5 21. Rxc8 Qxc8 22. Rxd5 Qc3 {[%cal Rc3e1]} 23. g3 (23. Rd1 $16) 23... Bh6 $1 $14 24. Qxe4 $2 {[%mdl 8192]} (24. Bxh6 {is a self mate.} Qe1+ 25. Kg2 Rxf2+ 26. Kh3 Qf1+ 27. Kh4 Rxh2+ 28. Kg5 Qf5#) (24. Qxa7 $14 Qe1+ 25. Kg2 Bxe3 26. Qxe3 Qxe3 27. fxe3) 24... Qe1+ 25. Kg2 {[#] Black must now prevent Qc4.} Rxf2+ $1 {[%mdl 576] Double Attack, Pin} 26. Kh3 (26. Bxf2 Qxe4+) 26... Qxe3 $2 (26... Qf1+ {mates} 27. Kh4 Rxh2+ 28. Kg4 Qh3+ 29. Kf3 Qg2+ {[%mdl 64] Double Attack} 30. Kg4 Qxe4+ 31. Bf4 Qe2#) 27. Rd8+ $11 {[%mdl 64] Discovered Attack} Rf8 28. Qd5+ Kg7 {Threatens to win with ...Rxd8.} 29. Rxf8 Kxf8 30. Qd8+ Kf7 31. Qf6+ Ke8 $2 {[%mdl 8192]} (31... Kg8 $11 32. Qe6+ Kf8 33. Qf6+ Kg8 34. Qe6+ Kh8 35. Qf6+ Kg8) 32. e6 Qd3 33. Qf7+ {[%mdl 64] Double Attack. White used his chance.  Weighted Error Value: White=0.44/Black=0.82} 1-0

[Event "ROU-ch Open 2021"]
[Site "Iasi"]
[Date "2021.04.20"]
[Round "2.17"]
[White "Botea, David-Alexandru"]
[Black "Ognean, Mihnea-Ionut"]
[Result "1/2-1/2"]
[WhiteElo "2015"]
[BlackElo "2298"]
[Annotator "TA"]
[PlyCount "128"]
[EventDate "2021.04.19"]
[EventType "swiss"]
[EventCountry "ROU"]
[SourceTitle "playchess.com"]
[Source "ChessBase"]
[SourceQuality "1"]

{[%evp 17,128,0,-8,-8,0,-27,-27,-47,-41,-40,-35,-42,-47,-41,-29,-29,-5,-13,-16,-43,-27,-35,-31,-34,0,0,86,77,82,78,105,105,100,105,105,105,105,106,262,107,135,134,127,108,142,143,163,163,163,163,163,163,163,163,168,163,163,163,168,168,182,168,169,169,174,168,168,168,168,168,168,164,163,95,103,69,69,69,69,69,69,0,0,0,0,0,0,0,0,0,0,0,0,0,0,0,0,0,0,0,0,0,0,0,0,0,0,0,0,0,873,0,0]} 1. e4 d6 2. d4 Nf6 3. Nc3 g6 4. f4 Bg7 5. Nf3 O-O 6. e5 dxe5 7. fxe5 Nd5 8. Bc4 Nxc3 $1 {[%mdl 4] is now more promising than 8...Be6.} 9. bxc3 c5 10. O-O {B09: Pirc Defence: Austrian Attack.} Bg4 $1 11. Be3 Nc6 12. h3 {Black has an edge.} Bxf3 13. Rxf3 Qa5 14. Bf2 Rad8 15. Qf1 e6 {[%cal Rc5d4]} 16. Bb5 {[#]} Qc7 $146 {[%cal Rc5d4]} ({Predecessor:} 16... cxd4 17. Bxc6 bxc6 18. cxd4 c5 19. c3 cxd4 20. cxd4 Rd7 21. Rb3 f6 22. Qc4 Qd5 23. Qxd5 Rxd5 24. exf6 Bxf6 {½-½ (30) Shevchenko,K (2527)-Mchedlishvili,M (2590) Linares 2017}) 17. Qe2 Rd7 18. Bxc6 Qxc6 19. dxc5 Rc8 20. Rd3 Rd5 21. Rad1 h5 (21... Re8 $11 {remains equal.}) 22. Rxd5 $16 exd5 23. c4 $1 {[%cal Rc4d5]} d4 24. Rxd4 {Strongly threatening Rd6.} Qe6 25. Rd5 Re8 {[%cal Rg7e5]} 26. Bg3 Bf8 27. Qd3 Qa6 $2 {[#]} (27... Qe7 $16 {might work better.} 28. Qb3 Bh6) 28. Qb3 (28. Rd6 $1 $18 {[%cal Rd6a6]} Qxa2 29. Rxg6+ $1 {[%mdl 512]} Bg7 30. Rg5) 28... Re6 29. Bf2 Qc6 30. Qb5 Be7 31. Bd4 a6 32. Qxc6 Rxc6 $18 {[%mdl 4096] Endgame KRB-KRB} 33. Kf2 Kf8 34. Ke3 Ke8 35. Ke4 Re6 36. Kd3 Rc6 37. Be3 Bd8 38. g3 Re6 39. Kd4 Rc6 40. h4 Bc7 41. Bg5 Re6 42. Bd2 Rc6 43. a3 Re6 44. Bf4 Bd8 45. Rd6 (45. Kd3 $18) 45... Bc7 $16 46. Rxe6+ (46. Bg5 {with more complications.} Bxd6 47. cxd6 Kd7 48. Be7 Ke8 49. a4) 46... fxe6 {KB-KB} 47. c6 bxc6 48. Kc5 Kd7 49. a4 (49. Kb4 $14) 49... Ba5 $1 $11 50. Kd4 Be1 51. c5 (51. Kd3 {keeps more tension.} Kc7 52. Ke2 Bc3 53. Kf3 Kb6 54. Be3+) 51... Ke8 52. Ke3 Kf7 53. Kf3 Bb4 54. Be3 Bc3 55. Ke4 Kg7 56. Kf4 Ba5 57. Ke4 Bd8 58. Bg5 Bc7 59. Bf6+ Kf7 60. Bg5 Ba5 61. Be3 Be1 62. Kf3 Bc3 63. Ke4 Bb2 $2 {[%mdl 8192] [#]} (63... Be1 $11) 64. Kf4 $2 (64. Bd2 $1 $18 {Hoping for c3.} g5 65. hxg5) 64... Bc3 {Weighted Error Value: White=0.14/Black=0.11} 1/2-1/2

[Event "ROU-ch Open 2021"]
[Site "Iasi"]
[Date "2021.04.20"]
[Round "2.18"]
[White "Antonica, Dragos-Andrei"]
[Black "Magold, Victor"]
[Result "1-0"]
[WhiteElo "2291"]
[BlackElo "2014"]
[Annotator "TA"]
[PlyCount "97"]
[EventDate "2021.04.19"]
[EventType "swiss"]
[EventCountry "ROU"]
[SourceTitle "playchess.com"]
[Source "ChessBase"]
[SourceQuality "1"]

{[%evp 16,97,12,6,4,7,40,18,54,29,29,27,31,28,28,34,34,27,43,34,71,33,69,44,50,51,215,213,208,204,239,221,294,294,298,295,302,309,298,262,434,442,425,354,380,377,400,412,518,510,580,600,656,656,656,656,620,645,597,590,818,800,827,816,989,978,977,964,1112,1104,1077,1035,1593,1593,5065,4133,5397,5185,2190,1427,29976,29976,5197,2098]} 1. c4 e5 2. Nc3 Bb4 3. g3 Bxc3 4. bxc3 d6 5. Bg2 Nf6 6. Rb1 Nc6 7. Nf3 O-O 8. O-O Rb8 9. d3 Bd7 {A29: English Opening: Four Knights Variation with 4 g3.} 10. e4 {[#]} b6 $146 ({Predecessor:} 10... h6 11. h3 Nh7 12. Nh4 b6 13. Kh2 Ne7 14. Be3 Be6 15. Rb2 Qd7 16. g4 f6 17. Nf5 {½-½ (38) Palachev,P (2287)-Mokshanov,A (2384) Samara 2012}) 11. Nh4 Ne7 {The position is equal.} 12. Bg5 Ng6 13. Nf5 h6 14. Bxf6 Qxf6 15. Ne3 c6 16. a4 Rfc8 17. Qd2 Rd8 18. h4 Be6 19. d4 c5 20. dxc5 bxc5 {A mistake that costs the game.} (20... dxc5 $14 21. Nd5 Bxd5 22. cxd5 Ne7) 21. Rxb8 $18 Rxb8 22. Qxd6 Rc8 23. Rb1 Qe7 24. Qa6 Qd7 25. Nd5 Rc6 26. Rb8+ Kh7 27. Qb5 h5 $2 (27... a6 28. Qb1 Qd6) 28. Rb7 a6 29. Qb2 Qd8 30. Qe2 Bg4 31. Bf3 Qc8 32. Rxf7 Be6 {[#]} 33. Rf5 {[%mdl 576] Decoy} Bxf5 (33... Qe8 34. Bxh5) 34. exf5 Qxf5 {[#]} 35. Ne7 $1 {[%mdl 576] Discovered Attack} Nxe7 36. Be4 Qxe4 37. Qxe4+ {[%mdl 4096] Endgame KQ-KRN} Kg8 38. Qxe5 {[%mdl 64] Double Attack} Kf8 39. Qxh5 g6 40. Qe5 Kf7 41. a5 Kf8 42. g4 Kf7 43. Kg2 Kf8 44. f4 Kf7 45. h5 gxh5 46. Qxh5+ Kf8 47. Kf3 Kg7 48. Qe5+ Kf7 49. f5 {Weighted Error Value: White=0.07/Black=0.42} 1-0

[Event "ROU-ch Open 2021"]
[Site "Iasi"]
[Date "2021.04.20"]
[Round "2.19"]
[White "Casangiu, Paul-Horatiu"]
[Black "Gheorghiu, Calin"]
[Result "0-1"]
[WhiteElo "2007"]
[BlackElo "2283"]
[Annotator "TA"]
[PlyCount "42"]
[EventDate "2021.04.19"]
[EventType "swiss"]
[EventCountry "ROU"]
[SourceTitle "playchess.com"]
[Source "ChessBase"]
[SourceQuality "1"]

{[%evp 9,42,-20,-1,-53,0,0,0,-37,32,17,12,11,111,-27,72,76,77,76,71,-102,-94,-287,-267,-348,-335,-399,-390,-408,-401,-406,-399,-408,-379,-964,-970]} 1. c4 e5 2. Nc3 Nf6 3. Nf3 Nc6 4. d4 exd4 5. Nxd4 Bb4 6. Qd3 {A28: English Opening: Four Knights Variation.} ({Better is} 6. Nxc6 $11 bxc6 7. Qb3) 6... d5 ({Black should try} 6... O-O $15) 7. Nxc6 $11 bxc6 {[#]} 8. a3 $146 {The position is equal.} ({Predecessor:} 8. e3 Ba6 9. Qd4 O-O 10. Bd2 c5 11. Qh4 d4 12. exd4 cxd4 13. Nb1 Re8+ 14. Kd1 {0-1 (41) Virag,B (1518)-Lengyel,A (1734) Budapest 2015}) 8... Bxc3+ (8... Bd6 $15) 9. Qxc3 $14 d4 10. Qf3 Rb8 (10... O-O $11) 11. b4 (11. Qxc6+ $16 Nd7 12. Bf4) 11... c5 (11... O-O $1 $11) 12. Qc6+ $16 Nd7 13. Bf4 (13. bxc5 $2 Bb7 $17) 13... Rb7 {[#]} 14. b5 $2 (14. Qe4+ $1 $16 {stays on course.} Qe7 15. Qxe7+ Kxe7 16. e3) 14... O-O $17 15. g3 $2 {White does not recover from this.} (15. e3 $17) 15... g5 $19 16. Bd2 Rb6 17. Qd5 Bb7 {[%mdl 64] [#] Skewer} 18. Qxg5+ Qxg5 19. Bxg5 Bxh1 20. f3 Ne5 21. Be7 $2 (21. Kf2) 21... Re8 {Weighted Error Value: White=0.82/Black=0.33} 0-1

[Event "ROU-ch Open 2021"]
[Site "Iasi"]
[Date "2021.04.20"]
[Round "2.20"]
[White "Isfan, Ioan-Marius"]
[Black "Ambru, Dan-Calin"]
[Result "1-0"]
[WhiteElo "2263"]
[BlackElo "1990"]
[Annotator "TA"]
[PlyCount "93"]
[EventDate "2021.04.19"]
[EventType "swiss"]
[EventCountry "ROU"]
[SourceTitle "playchess.com"]
[Source "ChessBase"]
[SourceQuality "1"]

{[%evp 17,93,5,18,16,18,13,11,9,25,11,24,13,12,-18,-27,-14,0,0,0,0,66,0,61,14,105,102,110,118,149,112,120,103,141,124,187,110,177,167,162,181,177,181,183,110,110,105,105,112,93,102,222,212,302,309,311,323,357,309,429,426,405,387,379,320,340,370,419,410,502,496,494,478,754,753,746,744,744,740]} 1. d4 {Bulletin} Nf6 2. Bg5 e6 3. Nd2 c5 4. e3 b6 5. Ngf3 Bb7 6. Bd3 h6 7. Bh4 Be7 8. c3 O-O 9. O-O cxd4 10. exd4 $1 {The main line 10.exd4 scores better than 10.cxd4. A46: 1 d4 Nf6 2 Nf3 e6: Torre, London and Colle Systems.} Nh5 11. Bxe7 Qxe7 12. Re1 {The position is equal.} d6 13. Ne4 {[#]} Nf6 $146 ({Predecessor:} 13... Nd7 14. Qd2 Ndf6 15. Ng3 Bxf3 16. gxf3 g5 17. Nf5 Qb7 18. Nxh6+ Kh8 19. Be4 Nxe4 20. fxe4 {1-0 (48) Giessmann,S (2125)-Kraft,H Bayern 1995 EXT 1999 [Bulletin]}) 14. Ng3 Qc7 15. Re2 Bxf3 16. gxf3 d5 17. Qd2 a6 18. f4 Nc6 (18... Re8 $11) 19. Rae1 (19. f5 $1 $14) 19... Ne7 ({Black should play} 19... Rfe8 $11) 20. f3 h5 (20... Rae8 $11) 21. f5 Nxf5 22. Bxf5 {Qg5 is the strong threat.} h4 23. Nf1 {Hoping for Bc2.} exf5 24. Qg5 {Black must now prevent Rg2!} Nh7 25. Qxf5 Qd8 (25... Qd6 $16 {was necessary.}) 26. Rg2 (26. Ne3 $18) 26... g6 {[#]} (26... Re8 $16 27. Rxe8+ Qxe8) 27. Re6 $3 $40 {[%mdl 640] White wants to mate with Rexg6+! Black is in trouble.} Ra7 {[#]} 28. Qe5 g5 29. Rd6 Rd7 30. Rxd7 ({Better is} 30. Rh6 $18) 30... Qxd7 $16 31. Ne3 {Strongly threatening Rxg5+.} Re8 32. Qxd5 Qe7 33. Re2 Kh8 (33... Nf8 $16 {keeps fighting.}) 34. Kf2 $18 g4 (34... Nf6 $142 35. Qc6 (35. Qxg5 $2 Ne4+ {[%mdl 64] Discovered Attack} 36. fxe4 Qxg5 $19) 35... Qe6 36. Qxe6 Rxe6) 35. fxg4 Ng5 {and the idea ...Nh3+ leaves Black hopeful.} 36. Qf5 f6 37. Re1 Ne4+ 38. Kg1 Nd6 39. Qh5+ Qh7 40. Qxh7+ Kxh7 {[%mdl 4096] Endgame KRN-KRN} 41. Ng2 Rg8 42. h3 f5 43. Re7+ {White is clearly winning.} Kh8 44. Re6 fxg4 (44... Nc4 $142 45. Rh6+ Kg7) 45. Rxd6 gxh3 46. Rh6+ {[%mdl 64] Double Attack} Kg7 47. Rxh4 {Weighted Error Value: White=0.15/Black=0.31} 1-0